Psychology: Indian Subcontinent Edition (Record no. 6450)

000 -LEADER
fixed length control field 00472nam a22001937a 4500
003 - CONTROL NUMBER IDENTIFIER
control field OSt
005 - DATE AND TIME OF LATEST TRANSACTION
control field 20190822102152.0
008 - FIXED-LENGTH DATA ELEMENTS--GENERAL INFORMATION
fixed length control field 190822b ||||| |||| 00| 0 eng d
020 ## - INTERNATIONAL STANDARD BOOK NUMBER
International Standard Book Number 9789332538540
040 ## - CATALOGING SOURCE
Transcribing agency clc
082 ## - DEWEY DECIMAL CLASSIFICATION NUMBER
Classification number 100
Item number BAR/P
100 ## - MAIN ENTRY--PERSONAL NAME
Personal name Baron, Robert A.
245 ## - TITLE STATEMENT
Title Psychology: Indian Subcontinent Edition
250 ## - EDITION STATEMENT
Edition statement 5th Edition
260 ## - PUBLICATION, DISTRIBUTION, ETC.
Place of publication, distribution, etc. London
Name of publisher, distributor, etc. Pearson Education, Inc
Date of publication, distribution, etc. 2018
300 ## - PHYSICAL DESCRIPTION
Extent 646p.
700 ## - ADDED ENTRY--PERSONAL NAME
Personal name Misra, Girsihwar
942 ## - ADDED ENTRY ELEMENTS (KOHA)
Koha item type Book
952 ## - LOCATION AND ITEM INFORMATION (KOHA)
Lost status
Holdings
Withdrawn status Collection code Permanent Location Current Location Cost, normal purchase price Full call number Accession no. Koha item type
  School of Data Science (Noida) MUIT-NOIDA MUIT-NOIDA 779.00 100 BAR/P DSC00167 Reference Book

All Rights Reserved@MUIT

Powered by Koha